Quel âge ont ces personnages Disney ? - Statistiques

Statistiques générales
  • Ce quiz a été pris 249 fois
  • Le résultat moyen est 11 sur 16
Statistiques - réponses
Par images Réponse % Correct
17 ans
89%
5 ans
87%
6 ans
87%
24 ans
83%
16 ans
77%
14 ans
75%
15 ans
74%
18 ans
74%
11 ans
70%
40 ans
70%
3 ans
64%
19 ans
57%
16 ans
56%
12 ans
52%
20 ans
41%
8800 ans
5%
Aucun quiz correspondant
Distribution des résultats
% des personnes avec chaque résultat
Percentile par nombre de réponses
Votre historique - résultats
Vous n’avez pas pris ce quiz